For all the world : (Record no. 2126)
[ view plain ]
| 000 -LEADER | |
|---|---|
| fixed length control field | 00982cam a2200313Ia 4500 |
| 001 - CONTROL NUMBER | |
| control field | 8481339 |
| 003 - CONTROL NUMBER IDENTIFIER | |
| control field | OCoLC |
| 005 - DATE AND TIME OF LATEST TRANSACTION | |
| control field | 20181005101653.0 |
| 008 - FIXED-LENGTH DATA ELEMENTS--GENERAL INFORMATION | |
| fixed length control field | 820601s1966 enk b 000 0 eng |
| 010 ## - LIBRARY OF CONGRESS CONTROL NUMBER | |
| LC control number | 66071486 |
| 015 ## - NATIONAL BIBLIOGRAPHY NUMBER | |
| National bibliography number | GB66-6638 |
| 035 ## - SYSTEM CONTROL NUMBER | |
| System control number | (OCoLC)8481339 |
| 040 ## - CATALOGING SOURCE | |
| Original cataloging agency | DLC |
| Language of cataloging | eng |
| Transcribing agency | IDI |
| Modifying agency | IDI |
| -- | UKM |
| -- | BHA |
| -- | UKMGB |
| -- | OCLCF |
| -- | OCLCO |
| -- | OCLCQ |
| -- | CIRBC |
| 050 04 - LIBRARY OF CONGRESS CALL NUMBER | |
| Classification number | BV2063 |
| Item number | .T3 |
| 082 04 - DEWEY DECIMAL CLASSIFICATION NUMBER | |
| Classification number | 266 |
| Item number | T238F |
| 092 0# - LOCALLY ASSIGNED DEWEY CALL NUMBER (OCLC) | |
| Classification number | 266.001 |
| Item number | T2436 |
| 100 1# - MAIN ENTRY--PERSONAL NAME | |
| Personal name | Taylor, John Vernon, |
| Dates associated with a name | 1914- |
| 245 10 - TITLE STATEMENT | |
| Title | For all the world : |
| Remainder of title | the Christian mission in the modern age / |
| Statement of responsibility, etc. | by John V. Taylor. |
| 260 ## - PUBLICATION, DISTRIBUTION, ETC. | |
| Place of publication, distribution, etc. | London : |
| Name of publisher, distributor, etc. | Hodder and Stoughton, |
| Date of publication, distribution, etc. | 1966. |
| 300 ## - PHYSICAL DESCRIPTION | |
| Extent | 94 pages ; |
| Dimensions | 18 cm. |
| 336 ## - CONTENT TYPE | |
| Content type term | text |
| Content type code | txt |
| Source | rdacontent |
| 337 ## - MEDIA TYPE | |
| Media type term | unmediated |
| Media type code | n |
| Source | rdamedia |
| 338 ## - CARRIER TYPE | |
| Carrier type term | volume |
| Carrier type code | nc |
| Source | rdacarrier |
| 490 1# - SERIES STATEMENT | |
| Series statement | Christian foundations ; |
| Volume/sequential designation | no. 12 |
| 504 ## - BIBLIOGRAPHY, ETC. NOTE | |
| Bibliography, etc. note | Includes bibliographical references. |
| 650 #0 - SUBJECT ADDED ENTRY--TOPICAL TERM | |
| Topical term or geographic name entry element | Missions |
| General subdivision | Theory. |
| 830 #0 - SERIES ADDED ENTRY--UNIFORM TITLE | |
| Uniform title | Christian foundations ; |
| Volume/sequential designation | no. 12. |
| 942 ## - ADDED ENTRY ELEMENTS (KOHA) | |
| Source of classification or shelving scheme | Dewey Decimal Classification |
| Koha item type | Books |
| Withdrawn status | Lost status | Source of classification or shelving scheme | Damaged status | Not for loan | Collection code | Home library | Current library | Shelving location | Date acquired | Cost, normal purchase price | Total Checkouts | Full call number | Barcode | Date last seen | Price effective from | Koha item type |
|---|---|---|---|---|---|---|---|---|---|---|---|---|---|---|---|---|
| Dewey Decimal Classification | Non-fiction | Harvest Mission College | Harvest Mission College | General Stacks | 05.10.2018 | 200.00 | 266 T238F | 000086 | 05.10.2018 | 05.10.2018 | Books | |||||
| Dewey Decimal Classification | Non-fiction | Harvest Mission College | Harvest Mission College | General Stacks | 05.10.2018 | 200.00 | 266 T238F | 000154 | 05.10.2018 | 05.10.2018 | Books |
